000 00358nam a2200133Ia 4500
008 240624s9999 xx 000 0 und d
041 _aeng
082 _a332.6 RUB
100 _aRUBINSTEIN MARK
245 _aHISTORY OF THE THEORY OF INVESTMENTS MY
260 _c2006
_aNew Jersey
_bJohn Wiley and Sons
300 _axiv, : 370 : p. : cm. ; 24
365 _c
_b28
999 _c7375
_d7375